Comic Book Characters from A-Z Quiz Stats

 Plays Quiz Updated Jul 29, 2015

Challenge
Share
Tweet
Score 0/26 Timer 07:00
11 Plays Today
% Correct
Batman
99.5%
Catwoman
98.7%
The Joker
97.9%
The Flash
97.7%
Iron Man
97.3%
Superman
96.3%
Wonder Woman
95.1%
Aquaman
95%
Daredevil
90.1%
Hellboy
90.1%
Ghost Rider
84.7%
Venom
83.4%
Mister Fantastic
83.3%
% Correct
Professor X
82.3%
Elektra
74.2%
Rogue
73.7%
Kingpin
73.1%
Quicksilver
68.4%
Tintin
66.3%
Luke Cage
49.5%
Yellowjacket
45.7%
Nick Fury
44.6%
Zatanna
33.3%
X-23
33%
Orange Lantern
23.2%
Usagi Yojimbo
16%

You're not logged in!

Compare scores with friends on all Sporcle quizzes.
Join for Free
OR
Log In

You Might Also Like...

Show Comments

Extras

Top Quizzes Today


Score Distribution

Your Account Isn't Verified!

In order to create a playlist on Sporcle, you need to verify the email address you used during registration. Go to your Sporcle Settings to finish the process.

Report this User

Report this user for behavior that violates our Community Guidelines.

Details: